Top 10 Smallest Suburbs of Melbourne - Statistics

General Stats
  • This quiz has been taken 1,209 times
  • The average score is 3 of 10
Answer Stats
No. Area (km²) Answer % Correct
1 0.26 Gardenvale
65%
2 0.29 Ripponlea
43%
8 0.68 Cremorne
41%
4 0.42 Travancore
34%
3 0.29 South Wharf
33%
6 0.50 Kooyong
31%
5 0.43 Princes Hill
31%
7 0.53 St Kilda West
23%
10 0.72 Kingsville
19%
9 0.69 Strathmore Heights
8%
No matching quizzes found
Score Distribution
Percent of People with Each Score
Percentile by Number Answered
Your Score History
You have not taken this quiz